Normal view
MARC view
- Pacheco, Suzana Moreira
Entry Nombre Personal
001 - NUMERO DE CONTROL
- campo de control: 52003
003 - IDENTIFICADOR DE NUMERO DE CONTROL
- campo de control: MX-MxUPN
005 - FECHA Y HORA DE LA ÜLTIMA TRANSACCIÓN
- campo de control: 20240521155001.0
008 - DATOS DE LONGITUD FIJA
- campo de control de longitud fija: 240521nn fcannaabn a aaa d
040 ## - FUENTE DE CATALOGACIÓN
- Agencia original de catalogación: MX-MxUPN
- Lenguaje de catalogación: spa
100 1# - ENCABEZAMIENTO - NOMBRE PERSONAL
- Nombre personal: Pacheco, Suzana Moreira
400 1# - VEÁSE - NOMBRE DE PERSONA
- Personal name: Moreira, Pacheco Suzana
670 ## - FUENTE EN LA QUE SE LOCALIZARON DATOS
- Cita de la fuente: Autioridades BGTQ, 21 mayo 2024 :
- Información localizada: portada (Suzana Moreira Pacheco)
902 ## - CATALOGADOR
- Catalogador: VíctorGodínez/210524
